000 01079naa a2200301 c 4500
001 48886
999 _c48886
_d48886
003 ES-MaCES
005 20170214134306.0
008 170214s2017 sp ||||| t||||||| ||spa d
040 _aES-MaCES
_bspa
_cES-MaCES
_dES-MaCES
100 1 _937781
_aMaldonado García-Vergudo, Ascensión
245 1 4 _aEl ¿nuevo? enfoque de la Unión Europea y la OCDE en materia de paraisos fiscales
_cAscensión Maldonado García-Vergudo
500 _aResumen
650 4 _931745
_afraude fiscal
650 4 _928093
_atributación
650 4 _927046
_adelito
650 4 _928104
_abanco
650 4 _928105
_aactividad bancaria
650 4 _930761
_asector financiero
650 4 _928082
_apolítica fiscal
650 4 _929918
_amecanismo de control
650 4 _926752
_aUE
650 4 _926760
_aOCDE
653 1 0 _aFiscalidad
773 0 _985718
_dLas Rozas, Madrid Wolters Kluwer España 2015-
_o088616
_tCarta tributaria
_w(ES-MaCES)46211
_gn. 22 (en. 2017) {55/1133 R. 088616} ;p. 10-16
902 _aART Artículo de revista
942 _2CES
_cAR
_h0.1.